Psicopatología /

Estudio acerca de los trastornos mentales desde una perspectiva descriptiva, el cual es utilizado como manual de texto en la materia de psicopatología en la Universitat Oberta de Catalunya. Contiene: 1. Bases conceptuales de la psicopatología y clasificación de los trastornos mentales; 2. Psicopatol...

Ful tanımlama

Kaydedildi:
Detaylı Bibliyografya
Diğer Yazarlar: Jarne Esparcia, Adolfo (autor) (autor)
Materyal Türü: Kitap
Dil:İspanyolca
Baskı/Yayın Bilgisi: Barcelona, España : Universidad Abierta de Cataluña, 2006, c2006
Konular:
Etiketler: Etiketle
Etiket eklenmemiş, İlk siz ekleyin!

MARC

LEADER 00000nam^a2200000^a^4500
001 000263809
005 20250521000000.0
009 20260310110625.389
020 |a 84-9788-333-0 
037 |a Acervo ITESO - Biblioteca 
041 |a ESP 
082 |a 616. 89  |b PSI 
245 0 0 |a Psicopatología /  |c A. Jarne Esparcia... [et al]. 
264 4 |a Barcelona, España :  |b Universidad Abierta de Cataluña,  |c 2006, c2006 
300 |a 337 p. 
336 |a texto  |b txt  |2 rdacontenido 
337 |a sin mediación  |b n  |2 rdamedio 
338 |a volumen  |b nc  |2 rdasoporte 
520 |a Estudio acerca de los trastornos mentales desde una perspectiva descriptiva, el cual es utilizado como manual de texto en la materia de psicopatología en la Universitat Oberta de Catalunya. Contiene: 1. Bases conceptuales de la psicopatología y clasificación de los trastornos mentales; 2. Psicopatología clínica; 3. Modelos etiológicos de los trastornos. 
649 |a XX 
650 |a Sintomatología 
650 |a Enfermedades -  |x Causas 
650 |a Psicopatología -  |x Historia 
650 |a Psicopatología -  |x Diagnóstico 
650 |a Psicopatología -  |x Tema Principal 
650 |a Psicología Clínica 
650 |a Psicología 
700 |a Jarne Esparcia, Adolfo  |e (autor) 
910 |a Fondo General 
920 |a Impresos - Libros 
930 |a Colección General 
905 |a 101 
901 |a 0500144632  |b IT1  |c ACC  |u 20250521 
902 |a https://opac.biblio.iteso.mx/vufind/Record/000263809